00353nam a2200169Ia 4500003000900000008004100009040001300050040001300063041000800076100002100084245003000105250000900135260001200144300001100156300001000167490000600177IT-RoPAU120407s9999 xx 000 0 und d aIT-RoPAU cIT-RoPAU aita aJacques Maritain aPrimato dello spirituale. aRoma aFerrari a154 p. c18 cm v1